[Event "15th EUR-ch (w)"]
[Site "Plovdiv BUL"]
[Date "2014.07.16"]
[Round "10.50"]
[White "Galunova, Tsveta"]
[Black "Radeva, Viktoria"]
[Result "0-1"]
[WhiteElo "2125"]
[BlackElo "1937"]
[EventDate "2014.07.06"]
[PlyCount "116"]

1.e4 c6 2.d4 d5 3.exd5 cxd5 4.c4 Nf6 5.Nc3 Nc6 6.Bg5 e6 7.Nf3 Be7 8.Bd3 
O-O 9.O-O b6 10.Re1 Nb4 11.Bf1 dxc4 12.Bxc4 Bb7 13.Ne5 Nbd5 14.a3 Rc8 15.
Qd3 Nxc3 16.bxc3 Nd5 17.Bd2 Bg5 18.Bxg5 Qxg5 19.Bxd5 Bxd5 20.f3 Rc7 21.c4 
Bb7 22.Rac1 Rd8 23.Qc3 Qf4 24.Red1 f6 25.Ng4 Rcd7 26.c5 bxc5 27.Qc4 Rd5 
28.Qb3 Bc6 29.Rxc5 Ba4 30.Rxd5 Bxb3 31.Rxd8+ Kf7 32.Rb1 Ke7 33.Ra8 Qxd4+ 
34.Nf2 Qc5 35.Ra1 a5 36.h3 f5 37.Rg8 Qc3 38.Rb1 a4 39.Kh2 Kf7 40.Ra8 Qc2 
41.Rf1 Qc5 42.Kg1 Qxa3 43.Nd3 Qd6 44.Nc1 Bc4 45.Rf2 Qd1+ 46.Kh2 Qxc1 47.
Rxa4 Bd5 48.Rb4 Qc5 49.Rfb2 g5 50.Rb8 Qd4 51.R8b4 Qe5+ 52.Kg1 Qe1+ 53.Kh2 
f4 54.Rb6 Qg3+ 55.Kh1 h5 56.Rb8 g4 57.hxg4 hxg4 58.fxg4 f3 0-1

[Event "15th EUR-ch (w)"]
[Site "Plovdiv BUL"]
[Date "2014.07.16"]
[Round "10.51"]
[White "Kaya, Emel"]
[Black "Sargsian, Shushanna"]
[Result "0-1"]
[WhiteElo "1987"]
[BlackElo "2107"]
[EventDate "2014.07.06"]
[PlyCount "66"]

1.e4 c6 2.c4 d5 3.exd5 Nf6 4.Nc3 cxd5 5.d4 Nc6 6.Nf3 Bg4 7.cxd5 Nxd5 8.Bb5
Nxc3 9.bxc3 e6 10.h3 Bh5 11.O-O Be7 12.g4 Bg6 13.Ne5 Rc8 14.Qf3 Qb6 15.
Nxc6 bxc6 16.Bd3 Bxd3 17.Qxd3 O-O 18.Be3 Rfd8 19.Qe4 Qa5 20.c4 Qa4 21.Qd3 
c5 22.Qb3 Qxb3 23.axb3 cxd4 24.Bd2 Rd7 25.Ra4 Rb7 26.Rb1 e5 27.Rba1 Rxb3 
28.Rxa7 Bf8 29.Ra8 Rbb8 30.Rxb8 Rxb8 31.Ra5 Rb2 32.Be1 f6 33.Rd5 Rb1 0-1

[Event "15th EUR-ch (w)"]
[Site "Plovdiv BUL"]
[Date "2014.07.16"]
[Round "10.52"]
[White "Yordanova, Svetla"]
[Black "Antova, Gabriela"]
[Result "0-1"]
[WhiteElo "2101"]
[BlackElo "1876"]
[EventDate "2014.07.06"]
[PlyCount "66"]

1.e4 c5 2.Nf3 d6 3.d4 cxd4 4.Nxd4 Nf6 5.Nc3 a6 6.f4 e6 7.Qf3 Qc7 8.g4 b5 
9.g5 Nfd7 10.a3 Bb7 11.Bg2 Nc6 12.Be3 Nb6 13.O-O-O Nc4 14.Bf2 Rc8 15.Nb3 
b4 16.axb4 Nxb4 17.Bd4 a5 18.Nb5 Qd7 19.Na7 Ne5 20.Qe2 Rxc2+ 21.Qxc2 Nxc2 
22.Kxc2 Nc4 23.Rhe1 h6 24.g6 fxg6 25.Bf1 d5 26.exd5 Bxd5 27.Bg1 Bb4 28.
Bxc4 Qc7 29.Nd2 Bxc4 30.Kb1 Bd3+ 31.Ka2 Qc2 32.Nb3 Bc4 33.Re3 Qxd1 0-1

[Event "15th EUR-ch (w)"]
[Site "Plovdiv BUL"]
[Date "2014.07.16"]
[Round "10.53"]
[White "Krasteva, Beloslava"]
[Black "Vovk, Oksana"]
[Result "0-1"]
[WhiteElo "1361"]
[BlackElo "2083"]
[EventDate "2014.07.06"]
[PlyCount "112"]

1.c4 e5 2.d3 Nf6 3.g3 d5 4.cxd5 Nxd5 5.Nf3 Nc6 6.Bg2 Be7 7.Nbd2 O-O 8.O-O 
Be6 9.Nc4 f6 10.a3 Nb6 11.Nxb6 axb6 12.Qc2 Bd5 13.e4 Be6 14.Be3 Qd7 15.
Rfd1 Na5 16.Nd2 c5 17.Nc4 Qb5 18.a4 Qc6 19.f4 Bd6 20.f5 Bf7 21.g4 Be7 22.
h4 b5 23.Nxa5 Rxa5 24.b3 bxa4 25.bxa4 Rfa8 26.Rdc1 Qd7 27.g5 b6 28.Rcb1 b5
29.g6 hxg6 30.fxg6 Bxg6 31.Kh2 bxa4 32.Rg1 Bh5 33.Bh3 Qe8 34.Qg2 Bf8 35.
Bh6 R8a7 36.Raf1 R5a6 37.Qa2+ Kh8 38.Be3 Qf7 39.Qb2 a3 40.Qf2 a2 41.Ra1 
Ra5 42.Rgc1 Qb3 43.Qc2 Qxc2+ 44.Rxc2 Bf7 45.Rb2 Ra8 46.Bd2 Ra3 47.Bf1 c4 
48.dxc4 Bg6 49.Bb4 Bxb4 50.Rxb4 Bxe4 51.Bg2 Bxg2 52.Kxg2 Rc3 53.Kh2 Kh7 
54.Rb2 Rxc4 55.Rbxa2 Rxa2+ 56.Rxa2 Rxh4+ 0-1

[Event "15th EUR-ch (w)"]
[Site "Plovdiv BUL"]
[Date "2014.07.16"]
[Round "10.54"]
[White "Shabanaj, Eglantina"]
[Black "Soyunlu, Narmin"]
[Result "1-0"]
[WhiteElo "2046"]
[BlackElo "1936"]
[EventDate "2014.07.06"]
[PlyCount "83"]

1.d4 e6 2.c4 Nf6 3.Nc3 Bb4 4.f3 d5 5.Bg5 h6 6.Bh4 O-O 7.a3 Be7 8.e3 c5 9.
Bd3 cxd4 10.exd4 dxc4 11.Bxc4 Nd5 12.Bxe7 Qxe7 13.Qd2 Nc6 14.Nge2 Nb6 15.
Ba2 Qh4+ 16.g3 Qh5 17.O-O e5 18.d5 Rd8 19.Qe3 Ne7 20.Rad1 Bh3 21.Rf2 Nf5 
22.Qxe5 Re8 23.Qf4 Ne3 24.Rd3 g5 25.Qf6 Nd7 26.Qd6 Qg6 27.Qxg6+ fxg6 28.
Ne4 Ng4 29.d6+ Kh8 30.fxg4 Rxe4 31.Bd5 Re5 32.Bxb7 Rb8 33.Bg2 Bxg4 34.Nd4 
Nc5 35.Rc3 Ne4 36.Nc6 Nxf2 37.Nxe5 Nh3+ 38.Bxh3 Bxh3 39.g4 Rxb2 40.Rxh3 
Rb1+ 41.Kf2 Rb2+ 42.Ke1 1-0

[Event "15th EUR-ch (w)"]
[Site "Plovdiv BUL"]
[Date "2014.07.16"]
[Round "10.55"]
[White "Nevioselaya, Maria"]
[Black "Shivacheva, Donika"]
[Result "0-1"]
[WhiteElo "2039"]
[BlackElo "1790"]
[EventDate "2014.07.06"]
[PlyCount "100"]

1.e4 e5 2.Nf3 Nc6 3.Bb5 a6 4.Ba4 Nf6 5.O-O Be7 6.Re1 b5 7.Bb3 O-O 8.h3 Bb7
9.d3 h6 10.Nc3 Re8 11.a3 Bc5 12.Be3 Nd4 13.Ba2 d6 14.Nh2 Qd7 15.Ng4 Nxg4 
16.hxg4 c6 17.g3 Bc8 18.f3 h5 19.Bxd4 Bxd4+ 20.Kg2 hxg4 21.Rh1 Qe7 22.fxg4
Qg5 23.Qf3 d5 24.Raf1 Ra7 25.Rh5 Qd2+ 26.Ne2 Re6 27.Rfh1 Kf8 28.g5 Bb7 29.
Rf1 f6 30.gxf6 Rxf6 31.Rf5 Ke8 32.Rxf6 gxf6 33.Qh5+ Ke7 34.Qh7+ Ke8 35.
Qg8+ Ke7 36.Qg7+ Ke8 37.Qg6+ Kd7 38.Qg4+ Ke7 39.Rh1 Bc8 40.Qf3 Be6 41.exd5
cxd5 42.c3 Bb6 43.Bb3 Kd6 44.d4 Rg7 45.dxe5+ fxe5 46.Rd1 Qh6 47.Rh1 Qxh1+ 
48.Kxh1 Rh7+ 49.Kg2 Bh3+ 50.Kh2 Bf1+ 0-1

[Event "15th EUR-ch (w)"]
[Site "Plovdiv BUL"]
[Date "2014.07.16"]
[Round "10.56"]
[White "Brezalieva, Steliyana"]
[Black "Litvinenko, Ekaterina"]
[Result "0-1"]
[WhiteElo "1456"]
[BlackElo "1978"]
[EventDate "2014.07.06"]
[PlyCount "92"]

1.d4 Nf6 2.c4 c5 3.d5 b5 4.Qc2 bxc4 5.e4 d6 6.Bxc4 g6 7.Nf3 Bg7 8.h3 O-O 
9.O-O Ba6 10.Na3 Bxc4 11.Nxc4 Nbd7 12.Bd2 Qc7 13.Bc3 Nb6 14.Nxb6 Qxb6 15.
Rad1 Rfd8 16.Rfe1 Nd7 17.Bxg7 Kxg7 18.e5 dxe5 19.Nxe5 Nxe5 20.Rxe5 Rd7 21.
Qc3 Qb4 22.Re3+ Qxc3 23.Rxc3 Rc8 24.Rdd3 Kf6 25.Rf3+ Kg7 26.Rfd3 c4 27.Rd4
e5 28.Rdxc4 Rxc4 29.Rxc4 Rxd5 30.Rc2 Kf6 31.f3 Ke6 32.Kf2 f5 33.Re2 Rd4 
34.Kg3 Kd5 35.Kf2 Rd3 36.Re3 Kd4 37.Re2 Rd1 38.g4 e4 39.f4 Rd3 40.Kg2 a5 
41.Rf2 e3 42.Re2 Ke4 43.Kg3 Rd2 44.Rg2 Rxg2+ 45.Kxg2 Kd3 46.Kf1 Kd2 0-1

[Event "15th EUR-ch (w)"]
[Site "Plovdiv BUL"]
[Date "2014.07.16"]
[Round "10.57"]
[White "Kouvatsou, Maria"]
[Black "Balimezova, Margarita"]
[Result "1-0"]
[WhiteElo "2152"]
[BlackElo "1631"]
[EventDate "2014.07.06"]
[PlyCount "77"]

1.e4 e5 2.Nf3 Nc6 3.Bc4 Nf6 4.d3 h6 5.O-O d6 6.c3 g6 7.a4 Bg7 8.h3 O-O 9.
a5 a6 10.Qb3 Qe7 11.Re1 Kh7 12.d4 Nh5 13.Bd5 Qe8 14.Be3 Rb8 15.Nbd2 Be6 
16.dxe5 Nxe5 17.Nxe5 Bxe5 18.Nf3 Bxd5 19.exd5 f6 20.Ba7 Ra8 21.Qxb7 Qc8 
22.Qxc8 Rfxc8 23.Bd4 Rab8 24.b4 Rb5 25.Rad1 Nf4 26.h4 Kg7 27.g3 Nh5 28.Rd3
Kh7 29.Be3 Ng7 30.Nd4 Bxd4 31.Bxd4 Rxd5 32.c4 Rf5 33.Re7 Kg8 34.Rde3 h5 
35.Rd7 g5 36.hxg5 Rxg5 37.Bxf6 Rg6 38.Bc3 h4 39.Rxg7+ 1-0

[Event "15th EUR-ch (w)"]
[Site "Plovdiv BUL"]
[Date "2014.07.16"]
[Round "10.58"]
[White "Olea, Liliana"]
[Black "Vasileva, Cveta"]
[Result "0-1"]
[WhiteElo "1951"]
[BlackElo "1598"]
[EventDate "2014.07.06"]
[PlyCount "78"]

1.e4 d6 2.d4 Nf6 3.Nc3 c6 4.a4 a6 5.h3 g6 6.Nge2 Bg7 7.g3 b6 8.Bg2 Bb7 9.
O-O O-O 10.g4 Nbd7 11.Ng3 e6 12.f4 Ne8 13.Be3 f5 14.exf5 exf5 15.g5 Nc7 
16.Qd3 Rb8 17.Rad1 d5 18.b3 a5 19.Nb1 Qe7 20.Bc1 Rfe8 21.Rf3 Ba6 22.c4 
dxc4 23.bxc4 Qb4 24.Ba3 Qxc4 25.Qxc4+ Bxc4 26.Bd6 Rbc8 27.Rc3 Bd5 28.Bxc7 
Bxg2 29.Bxb6 Bxh3 30.Bc5 Nxc5 31.Rxc5 Bg4 32.Rd2 Re1+ 33.Kf2 Rxb1 34.d5 
Rb2 35.Rxb2 Bd4+ 36.Ke1 Bxc5 37.dxc6 Bb4+ 38.Kf2 Rxc6 39.Ne2 Rc4 0-1

[Event "15th EUR-ch (w)"]
[Site "Plovdiv BUL"]
[Date "2014.07.17"]
[Round "11.1"]
[White "Muzychuk, Maria"]
[Black "Gunina, Valentina"]
[Result "1/2-1/2"]
[WhiteElo "2521"]
[BlackElo "2501"]
[EventDate "2014.07.06"]
[PlyCount "48"]

1.e4 c6 2.d4 d5 3.Nc3 dxe4 4.Nxe4 Bf5 5.Ng3 Bg6 6.h4 h6 7.Nf3 Nd7 8.h5 Bh7
9.Bd3 Bxd3 10.Qxd3 e6 11.Bd2 Ngf6 12.O-O-O Be7 13.Ne4 Nxe4 14.Qxe4 Nf6 15.
Qd3 Ng4 16.Qe2 Qd5 17.Kb1 O-O-O 18.Bf4 Qf5 19.g3 Bd6 20.Nh4 Qxh5 21.Ng2 
Qf5 22.Nh4 Qh5 23.Ng2 Qf5 24.Nh4 Qh5 1/2-1/2

[Event "15th EUR-ch (w)"]
[Site "Plovdiv BUL"]
[Date "2014.07.17"]
[Round "11.2"]
[White "Kosintseva, Tatiana"]
[Black "Zhukova, Natalia"]
[Result "1-0"]
[WhiteElo "2476"]
[BlackElo "2451"]
[EventDate "2014.07.06"]
[PlyCount "107"]

1.e4 Nf6 2.e5 Nd5 3.d4 d6 4.Nf3 Bg4 5.Be2 e6 6.O-O Be7 7.c4 Nb6 8.exd6 
cxd6 9.Nc3 O-O 10.h3 Bh5 11.Be3 d5 12.c5 Bxf3 13.Bxf3 Nc4 14.Bf4 Nc6 15.b3
N4a5 16.Rb1 b6 17.b4 Nc4 18.Be2 Bg5 19.Bxg5 Qxg5 20.Bxc4 dxc4 21.b5 Ne7 
22.Qe2 Nf5 23.Rfd1 Rad8 24.Qe5 Qh4 25.d5 bxc5 26.dxe6 fxe6 27.Qxe6+ Kh8 
28.Rxd8 Qxd8 29.Qxc4 Qd4 30.Qxd4 cxd4 31.Ne4 h6 32.a4 Rb8 33.Kf1 Ne7 34.
Ke2 Nd5 35.Kd3 Rd8 36.a5 Nf4+ 37.Kd2 Rb8 38.b6 axb6 39.axb6 Ne6 40.b7 Kg8 
41.Nd6 Nd8 42.Kd3 Kf8 43.Kxd4 Ke7 44.Kd5 Kd7 45.Rc1 Ne6 46.Ke5 Nc7 47.f4 
h5 48.g4 hxg4 49.hxg4 g6 50.f5 gxf5 51.gxf5 Na6 52.f6 Nb4 53.Rc8 Nd3+ 54.
Kd4 1-0

[Event "15th EUR-ch (w)"]
[Site "Plovdiv BUL"]
[Date "2014.07.17"]
[Round "11.3"]
[White "Melia, Salome"]
[Black "Danielian, Elina"]
[Result "1/2-1/2"]
[WhiteElo "2454"]
[BlackElo "2458"]
[EventDate "2014.07.06"]
[PlyCount "37"]

1.e4 e6 2.d4 d5 3.Nd2 c5 4.exd5 exd5 5.Bb5+ Bd7 6.Bxd7+ Nxd7 7.Qe2+ Be7 8.
dxc5 Ngf6 9.Ngf3 O-O 10.O-O Re8 11.Nb3 a5 12.a4 Nxc5 13.Nfd4 Nxb3 14.Nxb3 
Qd7 15.Qb5 Qf5 16.Qd3 Qd7 17.Qb5 Qf5 18.Qd3 Qd7 19.Qb5 1/2-1/2

[Event "15th EUR-ch (w)"]
[Site "Plovdiv BUL"]
[Date "2014.07.17"]
[Round "11.5"]
[White "Kashlinskaya, Alina"]
[Black "Batsiashvili, Nino"]
[Result "1/2-1/2"]
[WhiteElo "2441"]
[BlackElo "2417"]
[EventDate "2014.07.06"]
[PlyCount "42"]

1.e4 e5 2.Nf3 Nc6 3.Nc3 Nf6 4.d4 exd4 5.Nxd4 Bb4 6.Nxc6 bxc6 7.Bd3 d5 8.
exd5 cxd5 9.O-O O-O 10.Bg5 c6 11.Qf3 h6 12.Bxf6 Qxf6 13.Qxf6 gxf6 14.Ne2 
Rb8 15.Rab1 Re8 16.Ng3 Bd6 17.Nf5 Bxf5 18.Bxf5 Re2 19.Bd3 Ree8 20.Bf5 Re2 
21.Bd3 Ree8 1/2-1/2

[Event "15th EUR-ch (w)"]
[Site "Plovdiv BUL"]
[Date "2014.07.17"]
[Round "11.6"]
[White "Khurtsidze, Nino"]
[Black "Mkrtchian, Lilit"]
[Result "1/2-1/2"]
[WhiteElo "2460"]
[BlackElo "2446"]
[EventDate "2014.07.06"]
[PlyCount "79"]

1.d4 Nf6 2.Nf3 e6 3.c4 b6 4.e3 Bb7 5.Bd3 c5 6.O-O d6 7.Nc3 Nbd7 8.b3 Be7 
9.Bb2 O-O 10.d5 exd5 11.cxd5 Nxd5 12.Nxd5 Bxd5 13.Bxh7+ Kxh7 14.Qxd5 Bf6 
15.Bxf6 Nxf6 16.Qd3+ Kg8 17.e4 Qe7 18.Rfe1 Rad8 19.Rad1 Rfe8 20.Ng5 d5 21.
e5 Ne4 22.Nxe4 dxe4 23.Qxe4 Rxd1 24.Rxd1 Qxe5 25.Qxe5 Rxe5 26.Rd8+ Kh7 27.
Kf1 Re7 28.Rd6 f6 29.f3 Rc7 30.Ke2 c4 31.Kd2 cxb3 32.axb3 Rc5 33.h4 Rh5 
34.g3 Rf5 35.Rd3 a5 36.Ke3 Rb5 37.Kd2 Rf5 38.Ke3 Rb5 39.Kd2 Rf5 40.Ke3 
1/2-1/2

[Event "15th EUR-ch (w)"]
[Site "Plovdiv BUL"]
[Date "2014.07.17"]
[Round "11.7"]
[White "Socko, Monika"]
[Black "Hoang Thanh Trang"]
[Result "1-0"]
[WhiteElo "2462"]
[BlackElo "2490"]
[EventDate "2014.07.06"]
[PlyCount "125"]

1.e4 e6 2.d4 d5 3.Nd2 Be7 4.Bd3 c5 5.dxc5 Nf6 6.exd5 exd5 7.Ngf3 Bxc5 8.
O-O O-O 9.Nb3 Bb6 10.Bg5 Nc6 11.Qd2 Bg4 12.Qf4 Bc7 13.Qxg4 Nxg4 14.Bxd8 
Raxd8 15.Rad1 Nge5 16.Nxe5 Bxe5 17.c3 d4 18.c4 Rfe8 19.a3 Bf6 20.Nc5 b6 
21.Ne4 Be7 22.Ng3 Ne5 23.Rfe1 Nxd3 24.Rxd3 g6 25.Kf1 f5 26.Ne2 Bf6 27.Nf4 
Kf7 28.b3 Rxe1+ 29.Kxe1 Be5 30.Ne2 h5 31.f4 Bf6 32.Kd2 g5 33.Rh3 g4 34.Rd3
h4 35.Kc2 Kg6 36.b4 Re8 37.Kd2 Rc8 38.Nxd4 Rxc4 39.Ne2 a5 40.b5 Be7 41.Re3
Kf7 42.Re5 Rc5 43.Rxc5 Bxc5 44.a4 h3 45.gxh3 gxh3 46.Kd3 Kg6 47.Nd4 Kh5 
48.Nxf5 Kg4 49.Ke4 Bg1 50.Ne3+ Kh4 51.Nf1 Kg4 52.f5 Bc5 53.Nd2 Kg5 54.Ke5 
Be3 55.Nf3+ Kg4 56.Ke4 Bf4 57.f6 Bd6 58.f7 Kh5 59.Ne5 Kh6 60.Nd7 Kg7 61.
f8=Q+ Bxf8 62.Nxf8 Kxf8 63.Kd5 1-0

[Event "15th EUR-ch (w)"]
[Site "Plovdiv BUL"]
[Date "2014.07.17"]
[Round "11.8"]
[White "Javakhishvili, Lela"]
[Black "Daulyte, Deimante"]
[Result "1-0"]
[WhiteElo "2474"]
[BlackElo "2405"]
[EventDate "2014.07.06"]
[PlyCount "89"]

1.d4 Nf6 2.Nf3 g6 3.c4 Bg7 4.g3 O-O 5.Bg2 d5 6.cxd5 Nxd5 7.O-O Nc6 8.Nc3 
Bf5 9.Nd2 Ndb4 10.e4 Bc8 11.d5 Nd4 12.Nb3 Nbc2 13.Nxd4 Nxd4 14.Be3 c5 15.
Rc1 b6 16.f4 e5 17.dxe6 Bxe6 18.e5 Rc8 19.Ne4 Nf5 20.Bf2 Bxa2 21.Qa4 Be6 
22.Qxa7 Nd4 23.Rcd1 Bb3 24.Ra1 Bd5 25.Nd6 Nf3+ 26.Bxf3 Bxf3 27.Bxc5 Rxc5 
28.Rxf3 Rc7 29.Qa4 Rd7 30.Rd3 f6 31.Nb7 Rxd3 32.Nxd8 Rfxd8 33.Qc4+ Kh8 34.
Ra7 fxe5 35.Qf7 Rg8 36.fxe5 Re3 37.e6 Re2 38.Kf1 Re5 39.Kg2 Rf5 40.Qd7 h5 
41.Rc7 Rff8 42.e7 Re8 43.b4 Bf6 44.Qe6 Bd4 45.Qf7 1-0

[Event "15th EUR-ch (w)"]
[Site "Plovdiv BUL"]
[Date "2014.07.17"]
[Round "11.9"]
[White "Szczepkowska-Horowska, Karina"]
[Black "Foisor, Cristina"]
[Result "0-1"]
[WhiteElo "2369"]
[BlackElo "2383"]
[EventDate "2014.07.06"]
[PlyCount "106"]

1.e4 g6 2.d4 Bg7 3.Nc3 d6 4.Nf3 a6 5.Be2 b6 6.O-O Bb7 7.e5 dxe5 8.dxe5 
Qxd1 9.Rxd1 e6 10.Bf4 Ne7 11.Rd2 h6 12.h4 Nd7 13.Rad1 O-O-O 14.a4 Nc6 15.
Re1 Ndxe5 16.Rxd8+ Rxd8 17.Nxe5 Nxe5 18.Bxa6 Bxa6 19.Bxe5 Bxe5 20.Rxe5 Rd2
21.b4 Rxc2 22.Re3 Bb7 23.Rd3 Rb2 24.b5 h5 25.g3 Rb3 26.Kf1 c5 27.Ke2 c4 
28.Re3 Rb2+ 29.Ke1 Kd7 30.Nd1 Ra2 31.Nc3 Rc2 32.Ne2 Bd5 33.f3 Ra2 34.Nc3 
Ra1+ 35.Kf2 Kd6 36.g4 Kc5 37.g5 Rh1 38.Ne2 Rb1 39.Nc3 Rb2+ 40.Kg3 Kb4 41.
a5 Kxa5 42.Kf4 Kb4 43.Ke5 Rd2 44.f4 Rd3 45.Rxd3 cxd3 46.Kd4 Bc4 47.Ne4 
Bxb5 48.Ke3 Bc4 49.Kd2 b5 50.Nd6 e5 51.fxe5 Kc5 52.Ke3 Kc6 53.Kd2 Kd7 0-1

[Event "15th EUR-ch (w)"]
[Site "Plovdiv BUL"]
[Date "2014.07.17"]
[Round "11.10"]
[White "Bodnaruk, Anastasia"]
[Black "Girya, Olga"]
[Result "1-0"]
[WhiteElo "2429"]
[BlackElo "2493"]
[EventDate "2014.07.06"]
[PlyCount "65"]

1.e4 c6 2.d4 d5 3.e5 c5 4.dxc5 Nc6 5.a3 Nxe5 6.b4 Nf6 7.Bb2 Nc6 8.Bb5 e6 
9.Nf3 Be7 10.O-O O-O 11.Bxc6 bxc6 12.Ne5 Qc7 13.Nd2 Nd7 14.f4 f6 15.Nd3 e5
16.c4 e4 17.Nc1 e3 18.Nf3 Ba6 19.cxd5 Qxf4 20.Re1 Rfe8 21.dxc6 Nf8 22.Ne2 
Qe4 23.Ned4 Kh8 24.Qb3 e2 25.b5 Bxc5 26.bxa6 Ne6 27.Qc4 Nf4 28.Kh1 Rab8 
29.Bc1 Bxd4 30.Bxf4 Bxa1 31.Qxe4 Rxe4 32.Bxb8 Bc3 33.c7 1-0

[Event "15th EUR-ch (w)"]
[Site "Plovdiv BUL"]
[Date "2014.07.17"]
[Round "11.11"]
[White "Pahtz, Elisabeth"]
[Black "Kocetkova, Julia"]
[Result "1-0"]
[WhiteElo "2456"]
[BlackElo "2333"]
[EventDate "2014.07.06"]
[PlyCount "85"]

1.e4 d6 2.d4 Nf6 3.Nc3 e5 4.Nf3 Nbd7 5.g4 exd4 6.Nxd4 Nc5 7.g5 Nfd7 8.Be3 
Ne5 9.Be2 Ne6 10.f4 Nxd4 11.Qxd4 Nc6 12.Qd2 g6 13.h4 Be6 14.O-O-O Qd7 15.
Nd5 Bg7 16.h5 Rg8 17.hxg6 hxg6 18.Bb5 a6 19.Ba4 b5 20.Bb3 O-O-O 21.Rh7 Kb8
22.a4 Qc8 23.Rxg7 Rxg7 24.Qc3 Rh7 25.Qxc6 Bd7 26.Qc3 Rh3 27.Ne7 Qb7 28.Bd5
c6 29.Nxc6+ Bxc6 30.Bxc6 Rxe3 31.Qxe3 Qxc6 32.axb5 axb5 33.Qd4 Kb7 34.Rd3 
Rd7 35.Rc3 Qb6 36.Qxb6+ Kxb6 37.Kd2 Re7 38.Kd3 Re8 39.Kd4 Rh8 40.Kd5 Rh4 
41.f5 gxf5 42.exf5 Rf4 43.f6 1-0

[Event "15th EUR-ch (w)"]
[Site "Plovdiv BUL"]
[Date "2014.07.17"]
[Round "11.12"]
[White "Savina, Anastasia"]
[Black "Goriachkina, Alexandra"]
[Result "1/2-1/2"]
[WhiteElo "2383"]
[BlackElo "2434"]
[EventDate "2014.07.06"]
[PlyCount "104"]

1.d4 Nf6 2.c4 e6 3.Nc3 Bb4 4.e3 O-O 5.Bd3 b6 6.Ne2 Bb7 7.a3 Be7 8.e4 c5 9.
e5 Ne8 10.Qc2 cxd4 11.Bxh7+ Kh8 12.Be4 d5 13.exd6 Nxd6 14.Bxb7 Nxb7 15.Qe4
dxc3 16.Qxb7 Nd7 17.Nxc3 Nc5 18.Qf3 Qd4 19.O-O Qxc4 20.Be3 Kg8 21.Bxc5 
Bxc5 22.Ne4 Bd4 23.b3 Qd5 24.Rad1 Rfd8 25.Rd2 f5 26.Ng5 Qxf3 27.Nxf3 Bf6 
28.Rfd1 Rxd2 29.Rxd2 Rc8 30.h4 Rc1+ 31.Kh2 Rc3 32.Rd7 a5 33.Ng5 Rxb3 34.f4
e5 35.Rb7 Bxg5 36.hxg5 exf4 37.g6 Kf8 38.Rf7+ Ke8 39.Rxg7 Kf8 40.Rf7+ Kg8 
41.a4 Rb4 42.Rb7 Rxa4 43.Kh3 f3 44.gxf3 Rb4 45.Kg3 a4 46.f4 a3 47.Ra7 Rb5 
48.Rxa3 Kg7 49.Kh4 Kxg6 50.Rd3 Kf6 51.Rd6+ Ke7 52.Rh6 Rb1 1/2-1/2

[Event "15th EUR-ch (w)"]
[Site "Plovdiv BUL"]
[Date "2014.07.17"]
[Round "11.13"]
[White "Arabidze, Meri"]
[Black "Charochkina, Daria"]
[Result "1-0"]
[WhiteElo "2406"]
[BlackElo "2375"]
[EventDate "2014.07.06"]
[PlyCount "59"]

1.c4 e5 2.Nc3 Nf6 3.Nf3 Nc6 4.a3 d5 5.cxd5 Nxd5 6.Qc2 Be7 7.e3 O-O 8.Nxd5 
Qxd5 9.Bc4 Qd6 10.h4 Bg4 11.b4 Rad8 12.Ng5 Qh6 13.Ne4 Kh8 14.h5 f5 15.Nc5 
f4 16.d3 e4 17.Nxe4 Ne5 18.exf4 Nxc4 19.Qxc4 Rxd3 20.Qxd3 Rd8 21.Qxd8+ 
Bxd8 22.O-O Qxh5 23.Re1 Qg6 24.Bb2 h5 25.Re3 h4 26.Rae1 h3 27.Ng5 Bxg5 28.
fxg5 Qc2 29.Bd4 Qd2 30.g6 1-0

[Event "15th EUR-ch (w)"]
[Site "Plovdiv BUL"]
[Date "2014.07.17"]
[Round "11.14"]
[White "Gvetadze, Sopio"]
[Black "Milliet, Sophie"]
[Result "1/2-1/2"]
[WhiteElo "2356"]
[BlackElo "2406"]
[EventDate "2014.07.06"]
[PlyCount "57"]

1.Nf3 c5 2.e4 e6 3.c3 Nf6 4.e5 Nd5 5.d4 cxd4 6.cxd4 d6 7.Bc4 Be7 8.O-O O-O
9.Qe2 b6 10.Bd2 Bb7 11.Nc3 Nxc3 12.Bxc3 dxe5 13.Nxe5 Bd5 14.Bd3 Nd7 15.
Rfd1 Rc8 16.a4 Rc7 17.a5 Nxe5 18.dxe5 Qc8 19.Qh5 h6 20.axb6 axb6 21.Bd2 
Bb3 22.Bxh6 Bxd1 23.Rxd1 gxh6 24.Qxh6 f5 25.Qg6+ Kh8 26.Qh6+ Kg8 27.Qg6+ 
Kh8 28.Qh6+ Kg8 29.Qg6+ 1/2-1/2

[Event "15th EUR-ch (w)"]
[Site "Plovdiv BUL"]
[Date "2014.07.17"]
[Round "11.15"]
[White "Vasilevich, Irina"]
[Black "Guramishvili, Sopiko"]
[Result "0-1"]
[WhiteElo "2328"]
[BlackElo "2402"]
[EventDate "2014.07.06"]
[PlyCount "84"]

1.e4 c5 2.Nf3 d6 3.d4 cxd4 4.Nxd4 Nf6 5.Nc3 a6 6.Bc4 e6 7.Bb3 Nbd7 8.Bg5 
Nc5 9.O-O Be7 10.Re1 O-O 11.f4 Nfd7 12.Bxe7 Qxe7 13.Qd2 Rd8 14.Rad1 Nf8 
15.a3 Qc7 16.Ba2 b5 17.f5 Na4 18.fxe6 fxe6 19.Nd5 exd5 20.Bxd5+ Kh8 21.
Bxa8 Bg4 22.Bd5 Bxd1 23.Rxd1 Nxb2 24.Rf1 Nc4 25.Qf2 h6 26.Nc6 Rc8 27.Qg3 
Ne5 28.Nxe5 dxe5 29.Kh1 Qd6 30.Rf7 Ng6 31.h4 Rg8 32.Bb3 Nf4 33.Qg4 Qd2 34.
Kh2 Qe3 35.Qf3 Qe1 36.Qg3 Qxe4 37.Rd7 Nh5 38.Qf2 Nf6 39.Qd2 Qxh4+ 40.Kg1 
Ne4 41.Qe3 Rf8 42.Rd3 Nf2 0-1

[Event "15th EUR-ch (w)"]
[Site "Plovdiv BUL"]
[Date "2014.07.17"]
[Round "11.16"]
[White "Zawadzka, Jolanta"]
[Black "Nikolova, Adriana"]
[Result "1-0"]
[WhiteElo "2397"]
[BlackElo "2303"]
[EventDate "2014.07.06"]
[PlyCount "111"]

1.e4 g6 2.d4 Bg7 3.Nc3 c6 4.Nf3 d6 5.Be3 Qc7 6.Qd2 Nd7 7.a4 Qa5 8.Rb1 Qb4 
9.Be2 Ngf6 10.h3 Nb6 11.O-O a5 12.b3 d5 13.e5 Ne4 14.Nxe4 dxe4 15.c3 Qa3 
16.Ng5 Nd5 17.Qc2 e6 18.Nxe4 Qe7 19.Bg5 Qc7 20.c4 Nb4 21.Qd2 h6 22.Bf4 b6 
23.Rbc1 Bb7 24.Nd6+ Kf8 25.d5 Rd8 26.Rfd1 c5 27.Bf3 exd5 28.Nxb7 Qxb7 29.
cxd5 Kg8 30.h4 Qe7 31.d6 Qe6 32.Qe3 Kh7 33.h5 Rhe8 34.hxg6+ fxg6 35.Re1 
Nd5 36.Bxd5 Qxd5 37.Rcd1 Qe6 38.Qd3 Qd7 39.Bg3 Re6 40.f4 Kh8 41.Rf1 Rf8 
42.Rf3 Kg8 43.Rdf1 Rf5 44.Bh4 h5 45.Rg3 Kf7 46.Qa6 Bh6 47.Bg5 Bf8 48.Qxb6 
c4 49.bxc4 Bxd6 50.exd6 Rxd6 51.Qb3 Rc5 52.Re3 Re6 53.Rxe6 Qxe6 54.Qb7+ 
Kg8 55.Rd1 Rc8 56.Qxc8+ 1-0

[Event "15th EUR-ch (w)"]
[Site "Plovdiv BUL"]
[Date "2014.07.17"]
[Round "11.17"]
[White "Yildiz, Betul Cemre"]
[Black "Skripchenko, Almira"]
[Result "0-1"]
[WhiteElo "2312"]
[BlackElo "2449"]
[EventDate "2014.07.06"]
[PlyCount "118"]

1.d4 Nf6 2.Nf3 g6 3.g3 Bg7 4.Bg2 O-O 5.O-O d6 6.c4 Nbd7 7.Nc3 e5 8.b3 Re8 
9.Qc2 exd4 10.Nxd4 c6 11.Rd1 Qe7 12.Bb2 Nc5 13.e3 Bg4 14.Rd2 Rad8 15.h3 
Bc8 16.Rad1 h5 17.b4 Nce4 18.Nxe4 Nxe4 19.Bxe4 Qxe4 20.Qxe4 Rxe4 21.Kg2 
Bf8 22.Rd3 Ree8 23.a3 a6 24.Nb3 Be6 25.Na5 b6 26.Nxc6 Rc8 27.Nd4 Bxc4 28.
Rc3 b5 29.Rdc1 d5 30.R3c2 Bg7 31.Nb3 Bxb2 32.Rxb2 d4 33.Re1 Bd5+ 34.Kg1 
dxe3 35.Nc5 exf2+ 36.Kxf2 Rxe1 37.Kxe1 Bc4 38.Nb7 Be6 39.Nc5 Bxh3 40.Nxa6 
Rc3 41.Kf2 Bc8 42.Nc5 Rxa3 43.Rd2 Bg4 44.Rd8+ Kg7 45.Rb8 Ra2+ 46.Ke3 Rg2 
47.Ne4 Be2 48.Nd6 Bc4 49.Nxc4 bxc4 50.Kf3 Rb2 51.b5 c3 52.Rc8 Rxb5 53.Rxc3
Rf5+ 54.Kg2 Kf6 55.Rc4 Kg5 56.Ra4 Re5 57.Ra7 f5 58.Rh7 Re4 59.Kh3 Re3 0-1

[Event "15th EUR-ch (w)"]
[Site "Plovdiv BUL"]
[Date "2014.07.17"]
[Round "11.18"]
[White "Gaponenko, Inna"]
[Black "Belenkaya, Dina"]
[Result "1-0"]
[WhiteElo "2380"]
[BlackElo "2223"]
[EventDate "2014.07.06"]
[PlyCount "79"]

1.f4 d5 2.Nf3 g6 3.g3 Bg7 4.Bg2 c6 5.d3 Nh6 6.e3 Nd7 7.e4 dxe4 8.dxe4 Qa5+
9.c3 e5 10.Nbd2 Ng4 11.Nc4 Qc5 12.Nd6+ Ke7 13.Nxc8+ Raxc8 14.Qe2 Rhe8 15.
h3 Ngf6 16.fxe5 Nxe5 17.Be3 Nxf3+ 18.Qxf3 Qb5 19.Bf1 Qh5 20.g4 Qh4+ 21.Bf2
Qg5 22.h4 Qe5 23.Bd4 Qxe4+ 24.Qxe4+ Nxe4 25.Bxg7 f6 26.Bc4 b5 27.Bb3 c5 
28.O-O c4 29.Bc2 Kf7 30.Bxe4 Rxe4 31.Bxf6 Rxg4+ 32.Kh2 h6 33.Rae1 Kg8 34.
Kh3 h5 35.Re7 Rf8 36.Rg7+ Kh8 37.Rxg6+ Kh7 38.Rxg4 hxg4+ 39.Kxg4 Kg6 40.
h5+ 1-0

[Event "15th EUR-ch (w)"]
[Site "Plovdiv BUL"]
[Date "2014.07.17"]
[Round "11.19"]
[White "Videnova, Iva"]
[Black "Schleining, Zoya"]
[Result "1-0"]
[WhiteElo "2315"]
[BlackElo "2376"]
[EventDate "2014.07.06"]
[PlyCount "95"]

1.e4 c5 2.Nf3 Nc6 3.d4 cxd4 4.Nxd4 e6 5.Nc3 d6 6.Be3 Be7 7.Be2 Nf6 8.O-O 
O-O 9.f4 Bd7 10.Nb3 Qb8 11.g4 h6 12.a4 Nb4 13.Bf3 e5 14.f5 Bc6 15.Qd2 Rd8 
16.g5 hxg5 17.Bxg5 d5 18.Nxd5 Nbxd5 19.exd5 Bxd5 20.Qg2 Qd6 21.Rad1 Qb6+ 
22.Kh1 Bxf3 23.Qxf3 e4 24.Qg2 Bf8 25.a5 Qa6 26.c3 Rxd1 27.Rxd1 Re8 28.Nd4 
Nh7 29.Be3 Qxa5 30.Rg1 Qa6 31.h4 Qf6 32.Qg4 a6 33.h5 Re5 34.h6 Kh8 35.
hxg7+ Bxg7 36.Ne2 Rxf5 37.Ng3 Rg5 38.Bxg5 Qxg5 39.Qxe4 Be5 40.Qf3 Nf6 41.
Nf5 Qh5+ 42.Qxh5+ Nxh5 43.Rg5 Ng7 44.Nxg7 Bxg7 45.Rc5 b5 46.Rc8+ Kh7 47.
Ra8 b4 48.cxb4 1-0